Statistics for All Lyrics All Too Well 10 Minute Version- Taylor Swift

Click here to take the quiz!

General Stats

  • This quiz has been taken 45 times
  • The average score is 77 of 111

Answer Stats

Lyrics% Correct
I walked through the door with {you}
100%
And I left my {scarf} there at your sister's house
97%
But something about it felt like {home} somehow
97%
The air was {cold}
97%
And you've still got it in your drawer {even now}
91%
Oh, your sweet {disposition}
91%
And I know it's {long gone} and that magic's not here no more
85%
And I know it's {long gone} and there was nothing else I could do
85%
And I might be okay but I'm not {fine at all}
85%
And my {wide-eyed} gaze
85%
Cause you remember it {all too well}, yeah
85%
I remember it {all too well}
85%
I remember it {all too well}, yeah
85%
To remember it {all too well}, yeah
85%
You almost ran the {red} cause you were looking over at me
85%
Your cheeks were turning {red}
85%
And I can {picture} it after all these days
82%
And your mother's telling {stories} 'bout you on the tee-ball team
82%
He's gonna say it's {love}, you never called it what it was
82%
You told me about your past, thinking your {future} was me
82%
After {three months} in the grave
79%
And you were tossing me the car keys, f*ck {the patriarchy}
79%
Just between us, I {remember} it (Just between us) all too well
79%
{keychain} on the ground, we were always skipping town
79%
'Til were dead and gone and {buried}
79%
You {remember} it all
79%
And you call me up again just to break me {like a promise}
76%
But maybe this thing was a {masterpiece}, till you tore it all up
76%
Cause there we are again on that little {town street}
76%
Down the {stairs}, I was there
76%
Down the {stairs}, I was there, I was there
76%
I'm a crumpled up {piece of paper} lying here
76%
Maybe I asked for {too much}
76%
So {casually cruel} in the name of being honest
76%
We're singing in the car, getting {lost upstate}
76%
You used to be a little kid with glasses in a {twin-sized bed}
76%
And maybe we got lost in {translation}
74%
And there we are again when nobody {had to know}
74%
{Autumn leaves} falling down like pieces into place
74%
But all I felt was {shame} and you held my lifeless frame
74%
Check the {pulse} and come back swearing it's the same
74%
Photo album on the {counter}
74%
Some {actress} asking me what happened, you
74%
That's what {happened}, you
74%
The idea you had of me, {who was she}?
74%
They say all's well that ends well, but I'm in {a new hell}
74%
{Wind} in my hair, I was there, I was there
74%
You kept me like a secret, but I kept you like an {oath}
74%
And he said "It's supposed to be fun turning {twenty-one}"
71%
Now you mail back my things and I walk {home alone}
71%
{Sippin'} coffee like you're on a late night show
71%
You said if we had been {closer in age} maybe it would have been fine
71%
And it {smells like me}
68%
But you keep my old scarf from that very {first week}
68%
Cause there we are again in the {middle of the night}
68%
I'd like to be my {old self} again
68%
It was {rare}, I was there
68%
It was {rare}, you remember it
68%
It was {rare}, you remember it all too well
68%
It was {rare}, you remember it (All too well)
68%
That made me {want to die}
68%
We're dancing 'round the kitchen in the {refrigerator light}
68%
But then he watched me watch the {front door} all night willing you to come
65%
Every time you double-cross {my mind}
65%
Not weepin' in a {party bathroom}
65%
{Wind in my hair} I was there
65%
{Wind in my hair}, I was there, I was there
65%
{Wind in my hair}, I was there, I was there (I was there)
65%
{Wind in my hair}, I was there, I was there (Oh)
65%
And I {forget about you} long enough to forget why I needed to
62%
And I was thinking on the {drive down}, any time now
62%
A never-needy, ever-lovely jewel, whose shine {reflects on you}
62%
But I'm still trying to {find it}
62%
Cause there we are again when I {loved you} so
62%
I'll get older, but your lovers {stay my age}
62%
You can't get {rid of it}
62%
And then you wondered where it went to as I {reached for you}
59%
Cause it reminds you of {innocence}
59%
And I was never good at telling jokes, but the {punch line goes}
56%
Back before you lost the {one real thing} you've ever known
56%
Just {between us}, did the love affair maim you too?
56%
{Sacred prayer} and we'd swear
56%
{Sacred prayer}, I was there, I was there
56%
Wind {in my hair}, you were there
56%
I'm a soldier who's returning {half her weight}
53%
Time won't fly, it's like I'm {paralyzed} by it
53%
And how it glistened {as it fell}
50%
{Down the stairs}, I was there, I was there
50%
{Down the stairs}, I was there, I was there (I was there)
50%
{Down the stairs}, you were there
50%
From when your {Brooklyn} broke my skin and bones
50%
You who charmed my dad with {self-effacing} jokes
50%
I still remember the {first fall of snow}
47%
{Running scared}, I was there
47%
After {plaid shirt} days and nights when you made me your own
44%
Just between us, did the {love affair} maim you all too well?
44%
Just between us, {do you remember} it all too well?
44%
Sacred prayer, {I was there}, I was there
41%
Cause in this city's {barren cold}
32%
And did the {twin flame bruise} paint you blue?
29%
Cause I {remember} it all, all, all {too well}
21%

Score Distribution

Percentile by Number Answered

Percent of People with Each Score

Your Score History

You have not taken this quiz